Bài giảng bản đồ học
Bài giảng gồm năm chương giới thiệu về trái đất và quả cầu địa lý, bản đồ địa lý, phân loại bản đồ và bản đồ giáo khoa.
Tallennettuna:
| Päätekijä: | |
|---|---|
| Aineistotyyppi: | Kirja |
| Kieli: | Undetermined |
| Julkaistu: |
Cần Thơ
Trường Đại học Cần Thơ
2000
|
| Aiheet: | |
| Tagit: |
Lisää tagi
Ei tageja, Lisää ensimmäinen tagi!
|
| Thư viện lưu trữ: | Trung tâm Học liệu Trường Đại học Cần Thơ |
|---|
| LEADER | 00755nam a2200193Ia 4500 | ||
|---|---|---|---|
| 001 | CTU_43831 | ||
| 008 | 210402s9999 xx 000 0 und d | ||
| 082 | |a 526.07 | ||
| 082 | |b H100 | ||
| 100 | |a Trần, Thị Phụng Hà | ||
| 245 | 0 | |a Bài giảng bản đồ học | |
| 245 | 0 | |c Trần Thị Phụng Hà (Biên soạn) | |
| 260 | |a Cần Thơ | ||
| 260 | |b Trường Đại học Cần Thơ | ||
| 260 | |c 2000 | ||
| 520 | |a Bài giảng gồm năm chương giới thiệu về trái đất và quả cầu địa lý, bản đồ địa lý, phân loại bản đồ và bản đồ giáo khoa. | ||
| 650 | |a Cartography | ||
| 904 | |i Minh | ||
| 980 | |a Trung tâm Học liệu Trường Đại học Cần Thơ | ||